Biggest Countries Without Female Leaders - Statistics

General Stats
  • This quiz has been taken 17 times
  • The average score is 13 of 20
Answer Stats
Pop. Rank
(2025)
Answer % Correct
9 Russia
94%
3 United States
88%
33 Algeria
81%
13 Egypt
81%
6 Nigeria
81%
12 Japan
75%
41 Morocco
75%
47 Saudi Arabia
69%
32 Spain
69%
17 Iran
63%
34 Iraq
63%
26 Kenya
56%
36 Afghanistan
50%
28 Colombia
50%
46 Ghana
50%
44 Malaysia
50%
37 Yemen
50%
39 Angola
44%
43 Uzbekistan
44%
50 Ivory Coast
38%
No matching quizzes found
Score Distribution
Percent of People with Each Score
Percentile by Number Answered
Your Score History
You have not taken this quiz